Datum a čas kvízu
36.5
Celkem bodů
Celkový počet nahraných bodů na tomto kvízu bez doplňovacích otázek.
6.
Pořadí na kvízu
Konečné umístění týmu na tomto kvízu.
Zaznamenané odpovědi
| # | Otázka | Odpověď | Body | Výsledky |
|---|---|---|---|---|
| 1. | Centrum pro výzkum veřejného m... | Adam Vojtěch | 1 | |
| 2. | Internet minulý týden obletělo... | kocour (kočka) | 1 | |
| 3. | V pátek začal v Uherském Hradi... | Letní filmová škola | 1 | |
| 4. | Česká armáda v pátek převzala... | Toyota | 0 | |
| 5. | Tým ligy amerického fotbalu NF... | indiánské čelenky (a rudé malování na obličeji) | 1 | |
| 6. | Rozhodli jsme se prověřit vaše... | nebozez / nebozízek | 1 | |
| 7. | V roce 1844 byla vynalezena hl... | cylindrická vložka | 1 | |
| 8. | Tento typ klíče slouží k otvír... | dózický | 1 | |
| 9. | Tento vrták je určen pro zhoto... | vidiový | 1 | |
| 10. | Tato součástka je důležitá pro... | sklíčidlo | 1 |